Zmluva medzi SR a ČR o zamedzení dvojakého zdanenia v odbore daní z príjmov a majetku
Zmluva č. 229/1993 Z.z. o zamedzení dvojitého zdanenia v odbore daní z príjmov a majetku medzi SR a ČR. Definícia daňovníkov a ich daňovej povinnosti. Objektívne rozdelenie daňových výnosov medzi oba zmluvné štáty. Prevádzkareň ako trvalé zariadenie na podnikanie. Zdanenie príjmov z investovania kap...
Guardado en:
| Autor principal: | |
|---|---|
| Otros Autores: | |
| Formato: | Capítulo de libro |
| Lenguaje: | eslovaco |
| Materias: | |
| Etiquetas: |
Sin Etiquetas, Sea el primero en etiquetar este registro!
|
MARC
| LEADER | 00000naa a2200000 4500 | ||
|---|---|---|---|
| 001 | r014813 | ||
| 005 | 20221213113712.2 | ||
| 041 | 0 | |a slo | |
| 044 | |a SK | ||
| 245 | 1 | 0 | |a Zmluva medzi SR a ČR o zamedzení dvojakého zdanenia v odbore daní z príjmov a majetku |c Vladimír Pastierik, J. Řehák |
| 520 | |a Zmluva č. 229/1993 Z.z. o zamedzení dvojitého zdanenia v odbore daní z príjmov a majetku medzi SR a ČR. Definícia daňovníkov a ich daňovej povinnosti. Objektívne rozdelenie daňových výnosov medzi oba zmluvné štáty. Prevádzkareň ako trvalé zariadenie na podnikanie. Zdanenie príjmov z investovania kapitálu. Príjmy z nezávislých povolaní. Príjmy v školstve a výskume. Zásada rovného zaobchádzania. Zabránenie daňovým únikom. | ||
| 610 | 2 | 0 | |a zdanenie dvojité |
| 610 | 2 | 0 | |a dane z príjmov |
| 610 | 2 | 0 | |a daňovníci |
| 610 | 2 | 0 | |a zákony |
| 610 | 2 | 0 | |a zmluvy |
| 610 | 2 | 0 | |a Slovensko |
| 610 | 2 | 0 | |a Česko |
| 100 | 1 | |a Pastierik, Vladimír | |
| 700 | 1 | |a Řehák, J. | |